00769nam a2200169 a 450000100100000000500170001000800410002704000250006808200150009310000390010824500140014726000500016130000210021195201720023295201780040499900170058200003314520200930070046.0110818s1930 dr 000 0 spa d aDO-SdBNPbspacBNPHU axxxbC794r1 aCordero González, Adriano95880510aRelieves. aLa Vega :bTipografía El Progreso,c[1930]. a111 p. ;c23 cm. 001050718RVaPDbPDcHDd2011-08-18iLF1l0oxxx C794rp33145-10r2020-06-25w2020-06-25y1zPerteneció a la biblioteca personal de Martínez Boog.ZNo se presta 001050718RVaPDbPDcCTd2011-11-21iLF1l0oxxx C794rp33145-20r2020-06-25te. 2w2020-06-25y1zPerteneció a la biblioteca personal de Martínez Boog.ZNo se presta c32636d32636